| 000 | 00590nam a2200193Ia 4500 | ||
|---|---|---|---|
| 005 | 20250923145121.0 | ||
| 008 | 008 250917s9999 xx 000 0 eng d | ||
| 037 | _aTextual | ||
| 040 |
_aDSWL _beng _cDSWL |
||
| 041 |
_aeng _2eng |
||
| 084 |
_aY:8133.1'N5t, N53 _qDSWL |
||
| 245 | 0 |
_aHousing and team and country planning bulletin no -8 _cby United Nations |
|
| 260 |
_aNew York _b United Nations Dept of Eco. Social Affairs _c1953 |
||
| 300 | _aiv,69 p. | ||
| 365 |
_aUSD _b1 |
||
| 925 | _g1 | ||
| 942 |
_cTEXL _hY:8133.1'N5t, N53 |
||
| 999 |
_c1447339 _d1447339 |
||